000 00447nam a2200157Ia 4500
008 210716s2004 xx 000 0 und d
020 _a8178085917
041 _aeng
082 _a658.1511 HORC
100 _aHorngren, Charles T;Sundem, Gary L;Stratton, William O.
245 _aIntroduction to management accounting.
250 _a16
260 _aNew Delhi
_bPearson Education
_c2004
300 _a767/2014
650 _aManagement Accounting
999 _c209627
_d209627